| 000 | 00728nam a22002177a 4500 | ||
|---|---|---|---|
| 005 | 20251108164307.0 | ||
| 008 | 250721s1982 xx 000 0 ara d | ||
| 082 | 1 | 4 | _a811.6/بها |
| 100 | 1 | _aالمهلبي، أبو الفضل بهاء الدين زهير بن محمد | |
| 245 | 1 | 0 | _aديوان البهاء زهير / |
| 250 | _aط2. | ||
| 264 | 1 |
_aالقاهرة : _bدار المعارف، _c1982. |
|
| 300 | _a317ص | ||
| 490 | 0 | _aذخائر العرب ؛53ص | |
| 650 | 1 | 7 | _aالشعر العربي |
| 650 | 1 | 7 | _aالعصر العباسي |
| 700 | 1 |
_aالجبلاوي، محمد الطاهر _eتحقيق |
|
| 700 | 1 |
_aإبراهيم، محمد أبو الفضل _eشرح |
|
| 942 |
_2ddc _cBK |
||
| 999 |
_c8582 _d8582 |
||